000 00470 a2200157 4500
020 _a1556220782 (pbk.)
082 _a794.81526
090 _c7244
_d7244
100 _aMat Buckland
245 _aprogramming game A1 by example
_cMat Buckland
260 _aAmerica
_bWordware publishing
_c2005
300 _axxi, 495.:
_bill:
_c24cm.
650 2 _aComputer games-design.
_xComputer games-programming
_xComputer graphics
700 _aMat Buckland
942 _cBK
_k794.81526 BUC
999 _c11047
_d11047